Nad jakim morzem leży ten kraj? - Statystyki

Ogólne statystyki
  • Ten quiz został rozwiązany 18 razy
  • Średni wynik to 5 z 6
Statystyki odpowiedzi
kraj morze % Poprawnych
Łotwa Morze Bałtyckie
100%
Gruzja Morze Czarne
94%
Belgia Morze Północne
89%
Libia Morze Śródziemne
89%
Erytrea Morze Czerwone
83%
Belize Morze Karaibskie
83%
Nie znaleziono quizów pasujących do podanych kryteriów
Rozkład punktacji
Procent ludzi z każdym wynikiem
Percentyl według liczby udzielonych odpowiedzi
Twoja historia wyników
Nie rozwiązałeś tego quizu